000 00672nam a2200277Ia 4500
005 20260324135233.0
008 008 260324s9999 xx 000 0 eng d
020 _a9780203186015
037 _aEBOOK
040 _aCRL
040 _beng
040 _cCRL
041 _2eng
041 _aeng
084 _qCRL
100 _aSimon Duncan; Birgit Pfau-Effinger
_91199844
245 0 _aGender, Economy and Culture in the European Union
260 _bTaylor and Francis
260 _c2000
365 _a
365 _b230
856 _uhttp://www.taylorfrancis.com/books/9780203186015
942 _cEBOOK
999 _c1800707
_d1800707